Normal view
MARC view
- Management
Entry Topical Term
001 - CONTROL NUMBER
- control field: 6376
003 - CONTROL NUMBER IDENTIFIER
- control field: OSt
005 - DATE AND TIME OF LATEST TRANSACTION
- control field: 20170519104509.0
008 - FIXED-LENGTH DATA ELEMENTS
- fixed length control field: 170519|| aca||aabn | a|a d
040 ## - CATALOGING SOURCE
- Original cataloging agency: OSt
- Transcribing agency: OSt
150 ## - HEADING--TOPICAL TERM
- Topical term or geographic name entry element: Management
- General subdivision: Forecasting
670 ## - SOURCE DATA FOUND
- Source citation: Work cat.: (OSt)0: Gardiner, Gareth S. 6374, 21st century manager :, 1996

PORTAL AKMAL
E-MEL JKDM
AKMAL2U
G-BAM
u-PUSTAKA